|
|
|
|
| LEADER |
00000nam a22000007a 4500 |
| 001 |
28388 |
| 003 |
AGDB |
| 005 |
20260324181521.0 |
| 008 |
240212b spa||||| |||| 00| 0 cat d |
| 017 |
|
|
|a B 21010-2023
|
| 020 |
|
|
|a 6788419695925
|
| 040 |
|
|
|a agdb
|b cat
|
| 041 |
1 |
|
|a cat
|a spa
|a eng
|
| 111 |
|
|
|9 70274
|a Jornada "Literatura i camps de concentració nazis: Joaquim Amat-Piniella, Primo Levi i Jorge Semprún en perspectiva comparada"
|d (2022 :
|c Barcelona, Catalunya ;
|c Manresa, Catalunya)
|
| 245 |
|
|
|a Literatura i camps de concentració nazis :
|b Joaquim Amat-Piniella, Primo Levi i Jorge Semprún en perspectiva comparada /
|c Joan Maria Thomàs (ed.), Mercè Pujadas Bartés (coord.) i Josep Maria Martín i Berbois (correcció editorial)
|
| 246 |
1 |
0 |
|a Joaquim Amat-Piniella, Primo Levi i Jorge Semprún en perspectiva comparada
|
| 260 |
|
|
|a Barcelona :
|b Memorial Democràtic de la Generalitat de Catalunya. Departament de Justícia, Drets i Memòria ;
|c novembre 2023
|
| 300 |
|
|
|a 465 pàg ;
|c 24 cm
|
| 490 |
|
|
|a Documents del Memorial Democràtic ;
|v 12
|
| 500 |
|
|
|a Recull dels actes de la Jornada "Literatura i camps de concentració nazis: Joaquim Amat-Piniella, Primo Levi i Jorge Semprún en perspectiva comparada" celebrada a l'Ateneu Barcelonès el 10 de novembre i a l'Institut Lluís de Peguera (Manresa) l'11 de novembre de 2022.
|
| 504 |
|
|
|a Referències bibliogràfiques.
|
| 546 |
|
|
|a Text en català, castellà i anglès.
|
| 600 |
|
|
|9 70275
|a Amat-Piniella, J.
|d 1913-1974
|q (Joaquim),
|
| 600 |
|
|
|9 70277
|a Levi, Primo,
|d 1919-1987
|
| 600 |
1 |
0 |
|9 70278
|a Semprún, Jorge,
|d 1923-2011
|
| 600 |
|
0 |
|9 70279
|a Amat-Piniella, J.
|d 1913-1974
|q (Joaquim),
|x Crítica i interpretació
|v Congressos
|
| 600 |
|
0 |
|9 70281
|a Levi, Primo,
|d 1919-1987
|x Crítica i interpretació
|v Congressos
|
| 600 |
|
0 |
|9 70282
|a Semprún, Jorge,
|d 1923-2011
|x Crítica i interpretació
|v Congressos
|
| 650 |
|
0 |
|9 70283
|a Crítica literària
|
| 650 |
|
0 |
|9 70285
|a Guerra Mundial II, 1939-1945
|x Camps de concentració
|
| 650 |
|
0 |
|9 70287
|a Literatura comparada
|x Temes, motius
|
| 650 |
|
0 |
|2 Arxiu
|9 39350
|a Camps de concentració en la literatura
|
| 650 |
|
0 |
|9 70288
|a Camps de concentració en la literatura
|v Congressos
|
| 700 |
1 |
|
|9 70292
|a Thomàs, Joan Maria,
|d 1953-
|e editor literari
|
| 700 |
1 |
|
|9 70293
|a Pujadas Bartés, Mercè
|e editor literari
|
| 700 |
|
|
|9 53896
|a Martín i Berbois, Josep Lluís
|e editor literari
|
| 710 |
2 |
|
|9 52410
|a Memorial Democràtic (Catalunya)
|
| 942 |
|
|
|2 udc
|c ARXIU
|n 1
|
| 952 |
|
|
|0 0
|1 0
|4 0
|6 BIB1146
|7 1
|9 96727
|a Arxiu
|b Arxiu
|d 2024-02-12
|l 0
|o Bib-1146
|p 28388
|r 2024-02-12 00:00:00
|w 2024-02-12
|y ARXIU
|
| 999 |
|
|
|c 128574
|d 128574
|